000 00345 a2200157 4500
001 68391
020 _a9786556131627
040 _cAnchieta - Pituba
100 _aMaria, Mateus de Godoi
240 1 0 _aGeografia 6º ano
_lpor
245 1 0 _aGeografia 6º ano
300 _a192
362 0 _a2023
650 4 _aGeografia e viagens
942 _cBK
999 _c68391
_d68391